000 00874nam a22002777a 4500
003 CHAP
005 20220329140949.0
008 971013s1991 r 00010 d
010 _a60544
011 _a61516
035 _a65682
040 _cCHAP
082 _a633.2
_bI52 1982-83
110 _aINIA. México. Campo Agrícola Experimental La Laguna
_958495
245 _aInforme de investigación en forrajes, 1982-83
260 _aMatamoros, Coah. :
_bEl campo,
_c1991
300 _a480 p.
_b; gráfs.
590 _aBATCH-UPD
_b10
_c20130110
_lUCH01
_h2022
590 _aBATCH-UPD
_b10
_c20130410
_lUCH01
_h1340
590 _aBATCH-UPD
_b10
_c20130914
_lUCH01
_h1431
590 _aCONVERSION
_b10
_c20130109
_lUCH01
_h1333
650 1 4 _aForrajes
_xInvestigación.
_942576
901 _aBK
942 _cLIBRO
949 _a633.2 I52 1982-83
_bBC
_cCONG
_d-147665
_eCONG
_i65682
_si
999 _c60544
_d60544